<?xml version="1.0" encoding="UTF-8"?>
<record
    xmlns:xsi="http://www.w3.org/2001/XMLSchema-instance"
    xsi:schemaLocation="http://www.loc.gov/MARC21/slim http://www.loc.gov/standards/marcxml/schema/MARC21slim.xsd"
    xmlns="http://www.loc.gov/MARC21/slim">

  <leader>03240nab a2200301 i 4500</leader>
  <controlfield tag="003">BR-BrBNA</controlfield>
  <controlfield tag="005">20260409075727.0</controlfield>
  <controlfield tag="008">260409b2019    bl.qr|pooa||| 00| 0 eng |</controlfield>
  <datafield tag="040" ind1=" " ind2=" ">
    <subfield code="a">BR-BrBNA</subfield>
    <subfield code="b">eng</subfield>
  </datafield>
  <datafield tag="072" ind1=" " ind2=" ">
    <subfield code="a">K50</subfield>
  </datafield>
  <datafield tag="100" ind1=" " ind2=" ">
    <subfield code="a">Viana, L&#xED;via C&#xE1;ssia </subfield>
  </datafield>
  <datafield tag="100" ind1=" " ind2=" ">
    <subfield code="a">Mu&#xF1;iz, Graciela Ines Bolzon de </subfield>
  </datafield>
  <datafield tag="100" ind1=" " ind2=" ">
    <subfield code="a">Magalh&#xE3;es, Washington Luiz Esteves </subfield>
  </datafield>
  <datafield tag="100" ind1=" " ind2=" ">
    <subfield code="a">Andrade, Alan Sulato de </subfield>
  </datafield>
  <datafield tag="100" ind1=" " ind2=" ">
    <subfield code="a">Nisgoski, Silvana </subfield>
  </datafield>
  <datafield tag="100" ind1=" " ind2=" ">
    <subfield code="a">Potulski, Daniele Cristina </subfield>
  </datafield>
  <datafield tag="245" ind1=" " ind2=" ">
    <subfield code="a">Nanostructured Films Produced from the Bleached Pinus sp. Kraft Pulp</subfield>
  </datafield>
  <datafield tag="500" ind1=" " ind2=" ">
    <subfield code="a">Publica&#xE7;&#xE3;o on-line; Bibliography p. 8-10 (53 ref.); 2 tables; 4 illus.; Summary (En)</subfield>
  </datafield>
  <datafield tag="520" ind1=" " ind2=" ">
    <subfield code="a">

ABSTRACT

This study investigates the physical and mechanical properties of nanostructured films produced
from Pinus sp. kraft pulp. To obtain the nanocellulose, the bleached kraft pulp was submitted
to six different grinding regimes: two, five, ten, 20, 30, and 40 passes through the grinder. The
influence of the number of passes was evaluated through the films&#x2019; physical and mechanical
properties. The results show that the nanofibers reduced the thickness and considerably increased
the density values of the fabricated films. The tensile strength increased more than 300% and the
burst index was ten times higher in relation to normal papers. The more compact structure and
lower porosity caused by the larger contact surface between nanofibers in the nanostructured
films resulted in higher values of density, tensile strength, and burst resistance.

Keywords: nanocellulose, grinder, mechanical properties, density, crystallinity index.





Filmes Nanoestruturados Produzidos a partir de Polpa Kraft Branqueada de Pinus sp.

RESUMO

Este trabalho investiga as propriedades f&#xED;sicas e mec&#xE2;nicas de filmes nanoestruturados produzidos
a partir da polpa kraft branqueada de Pinus sp. Para obter a nanocelulose, a polpa kraft branqueada
foi submetida a seis diferentes intensidades de desfibrila&#xE7;&#xE3;o pelo moinho: dois, cinco, dez, 20, 30
e 40 passes. A influ&#xEA;ncia do n&#xFA;mero de passes foi avaliada por meio das propriedades f&#xED;sicas e
mec&#xE2;nicas dos filmes. Os resultados indicam que a presen&#xE7;a de nanofibrilas reduziu a espessura e
aumentou consideravelmente os valores de densidade dos filmes fabricados. Observou-se aumento
da resist&#xEA;ncia &#xE0; tra&#xE7;&#xE3;o de 300% e o &#xED;ndice de ruptura foi dez vezes maior em rela&#xE7;&#xE3;o aos pap&#xE9;is
normais. A estrutura mais compacta e a menor porosidade causada pela maior superf&#xED;cie de
contato entre as nanofibrilas nos filmes resultaram em maiores valores de densidade, resist&#xEA;ncia
&#xE0; tra&#xE7;&#xE3;o e resist&#xEA;ncia &#xE0; ruptura.

Palavras-chave: nanocelulose, moinho, propriedades mec&#xE2;nicas, densidade, &#xED;ndice de cristalinidade.</subfield>
  </datafield>
  <datafield tag="650" ind1=" " ind2=" ">
    <subfield code="a">CELULOSE</subfield>
  </datafield>
  <datafield tag="650" ind1=" " ind2=" ">
    <subfield code="a">MOENDA</subfield>
  </datafield>
  <datafield tag="650" ind1=" " ind2=" ">
    <subfield code="a">PROPRIEDADE MEC&#xC2;NICA</subfield>
  </datafield>
  <datafield tag="650" ind1=" " ind2=" ">
    <subfield code="a">POLPA</subfield>
  </datafield>
  <datafield tag="773" ind1="0" ind2=" ">
    <subfield code="0">2929</subfield>
    <subfield code="9">347953</subfield>
    <subfield code="d">Rio de Janeiro-RJ Instituto de Florestas - UFRRJ 1994</subfield>
    <subfield code="o">2025-0452</subfield>
    <subfield code="t">Floresta e Ambiente (Brazil)</subfield>
    <subfield code="x">1415-0980  /  ISSN 2179-8087 0nline</subfield>
    <subfield code="g">v. 26(4) p. 1-10; (2019)</subfield>
    <subfield code="w">BR2026000327</subfield>
  </datafield>
  <datafield tag="856" ind1=" " ind2=" ">
    <subfield code="u">https://www.scielo.br/j/floram/a/WQKykG5TVCXXSsfMz43cchQ/?format=pdf&amp;lang=en</subfield>
  </datafield>
  <datafield tag="942" ind1=" " ind2=" ">
    <subfield code="c">ANA</subfield>
  </datafield>
  <datafield tag="999" ind1=" " ind2=" ">
    <subfield code="c">341300</subfield>
    <subfield code="d">341300</subfield>
  </datafield>
</record>
